[Event "Groningen op 59th"]
[Site "Groningen"]
[Date "2023.12.24"]
[Round "4"]
[White "Boeren, Jurriaan"]
[Black "Toktomushev, Teimur"]
[Result "1/2-1/2"]
[WhiteElo "2102"]
[BlackElo "2249"]
[PlyCount "139"]
[EventDate "2023.12.21"]
[EventType "swiss"]
[EventRounds "9"]
[EventCountry "NED"]
[SourceTitle "CB04_2024"]
[SourceDate "2023.10.16"]
[SourceVersion "1"]
[SourceVersionDate "2023.10.16"]
[SourceQuality "1"]

1. e4 c5 2. Nf3 e6 3. d4 cxd4 4. Nxd4 a6 5. c4 Nf6 6. Nc3 Qc7 7. a3 b6 8. f4 d6 9. Bd3 Bb7 10. f5 Nc6 11. Be3 Nxd4 12. Bxd4 Be7 13. 0-0 0-0 14. Qf3 Rae8 15. Qh3 Bd8 16. Rae1 h6 17. Qg3 e5 18. Be3 Nh5 19. Qg4 Nf4 20. Bb1 Qxc4 21. Ba2 Qc8 22. Rd1 Qd7 23. Rxf4 exf4 24. Bd4 g5 25. Qh5 Kh7 26. Rd3 g4 27. Qxg4 Rg8 28. Qxf4 Bg5 29. Qf3 Bc1 30. Nd5 Bxd5 31. Bxd5 Rc8 32. Bc3 Rxc3 33. bxc3 Bxa3 34. Qh5 Rg5 35. Qxf7+ Qxf7 36. Bxf7 Rg4 37. Rf3 Kg7 38. Bd5 Kf6 39. g3 Rg7 40. Kf2 b5 41. h3 Rc7 42. Ke2 a5 43. h4 h5 44. Kd1 a4 45. Ba2 Bc5 46. Bd5 a3 47. Bb3 Ra7 48. Ba2 Re7 49. Be6 Ra7 50. Ba2 Ra4 51. c4 bxc4 52. Rc3 Ke5 53. Rxc4 Rxc4 54. Bxc4 Kxe4 55. Kc2 Kxf5 56. Be2 Kg6 57. Bf3 Bf2 58. g4 hxg4 59. Bxg4 Bd4 60. Kb3 Bb2 61. Bf3 Kf5 62. h5 Kf4 63. Bd5 Kg5 64. Bf3 Kf5 65. Ka2 Bc1 66. Kb3 Ke5 67. Ka2 d5 68. Bxd5 Kxd5 69. h6 Bxh6 70. Kxa3 1/2-1/2

[Event "Hoogeveen op 25th"]
[Site "Hoogeveen"]
[Date "2022.10.19"]
[Round "6"]
[White "Boeren, Jurriaan"]
[Black "Hartgers, Leendert"]
[Result "1-0"]
[WhiteElo "1987"]
[BlackElo "1840"]
[PlyCount "49"]
[EventDate "2022.10.15"]
[EventType "swiss"]
[EventRounds "9"]
[EventCountry "NED"]
[SourceTitle "CBM 210 Extra"]
[Source "ChessBase"]
[SourceDate "2022.11.30"]
[SourceVersion "1"]
[SourceVersionDate "2022.11.30"]
[SourceQuality "1"]

1. e4 e5 2. Nf3 Nc6 3. Bb5 a6 4. Ba4 Nf6 5. 0-0 b5 6. Bb3 Be7 7. Re1 d6 8. a4 Rb8 9. axb5 axb5 10. d3 0-0 11. Nbd2 Nb4 12. Nf1 c5 13. Bd2 Nc6 14. Ne3 Qe8 15. h3 Nd8 16. Ra7 Nc6 17. Ra2 Bb7 18. Nf5 Nd7 19. Ng5 Nd4 20. Nxh7 Kxh7 21. Qh5+ Kg8 22. Nh6+ gxh6 23. Qg6+ Kh8 24. Qxh6+ Kg8 25. Re3 1-0

[Event "Hoogeveen op 25th"]
[Site "Hoogeveen"]
[Date "2022.10.15"]
[Round "1"]
[White "Rellum, Theo"]
[Black "Boeren, Jurriaan"]
[Result "0-1"]
[WhiteElo "1456"]
[BlackElo "1987"]
[PlyCount "86"]
[EventDate "2022.10.15"]
[EventType "swiss"]
[EventRounds "9"]
[EventCountry "NED"]
[SourceTitle "CBM 210 Extra"]
[Source "ChessBase"]
[SourceDate "2022.11.30"]
[SourceVersion "1"]
[SourceVersionDate "2022.11.30"]
[SourceQuality "1"]

1. d4 d5 2. Nf3 Nf6 3. Nc3 e6 4. e3 c5 5. Bb5+ Bd7 6. Bxd7+ Nbxd7 7. 0-0 a6 8. Re1 Qb6 9. a3 Bd6 10. Rb1 0-0 11. Na4 Qc7 12. dxc5 Bxc5 13. Nxc5 Nxc5 14. b4 Na4 15. Bb2 Ne4 16. Be5 Qd7 17. Rb3 f6 18. Ba1 Rac8 19. Qd3 Rc7 20. Nd2 Nxd2 21. Qxd2 Rfc8 22. c3 Nb6 23. Qd4 Nc4 24. e4 dxe4 25. Qxe4 Nd2 26. Qc2 Nxb3 27. Qxb3 Qd5 28. Qxd5 exd5 29. Rd1 Rd7 30. Rd3 Re8 31. Re3 Rxe3 32. fxe3 Kf7 33. Kf2 Ke6 34. Ke2 Rc7 35. Kd3 Rc4 36. h3 Kf5 37. Bb2 Kg5 38. g3 h5 39. Bc1 Kf5 40. Bd2 Ke5 41. Be1 Kd6 42. Bf2 Kc6 43. Bg1 Kb5 0-1

[Event "Vlissingen HZ op 24th"]
[Site "Vlissingen"]
[Date "2022.08.10"]
[Round "6"]
[White "Krause, Thomas2222"]
[Black "Boeren, Jurriaan"]
[Result "1/2-1/2"]
[WhiteElo "2129"]
[BlackElo "1840"]
[PlyCount "113"]
[EventDate "2022.08.06"]
[EventType "swiss"]
[EventRounds "9"]
[EventCountry "NED"]
[SourceTitle "CBM 209 Extra"]
[Source "ChessBase"]
[SourceDate "2022.09.30"]
[SourceVersion "1"]
[SourceVersionDate "2022.09.30"]
[SourceQuality "1"]

1. d4 d5 2. Nf3 e6 3. c4 Nf6 4. e3 Be7 5. b3 0-0 6. Bd3 b6 7. 0-0 Bb7 8. Nc3 Nbd7 9. Bb2 c5 10. Qe2 dxc4 11. bxc4 Rc8 12. Ne5 cxd4 13. exd4 Nxe5 14. dxe5 Nd7 15. Rfd1 a6 16. Rac1 Qc7 17. Bxh7+ Kxh7 18. Qd3+ Kg8 19. Qxd7 Bg5 20. Rc2 Rfd8 21. Qxc7 Rxd1+ 22. Nxd1 Rxc7 23. Bc1 Bxc1 24. Rxc1 Rc5 25. Ne3 b5 26. Rb1 Rxe5 27. cxb5 Rxb5 28. Rxb5 axb5 29. f4 Be4 30. a3 Kf8 31. Kf2 Ke7 32. Ke2 Kd6 33. Kd2 Kc5 34. Kc3 Bc6 35. g3 Be4 36. Ng4 f6 37. Ne3 Bg6 38. g4 Bh7 39. h4 Be4 40. g5 fxg5 41. fxg5 Bf3 42. Kd3 e5 43. Nf5 g6 44. Ng3 b4 45. axb4+ Kxb4 46. Ke3 Bd5 47. Ne4 Kb5 48. Nf6 Kc6 49. Nxd5 Kxd5 50. Kf3 Kd6 51. Kg4 Ke6 52. h5 gxh5+ 53. Kxh5 Kf7 54. g6+ Kg7 55. Kg5 e4 56. Kf4 Kxg6 57. Kxe4 1/2-1/2

[Event "NED-ch U18"]
[Site "Almelo"]
[Date "2022.05.02"]
[Round "2"]
[White "Van Kuijk, Vadim"]
[Black "Boeren, Jurriaan"]
[Result "1-0"]
[WhiteElo "1898"]
[BlackElo "1778"]
[PlyCount "126"]
[EventDate "2022.05.01"]
[EventType "swiss"]
[EventRounds "7"]
[EventCountry "NED"]
[SourceTitle "CBM 208 Extra"]
[Source "ChessBase"]
[SourceDate "2022.07.31"]
[SourceVersion "1"]
[SourceVersionDate "2022.07.31"]
[SourceQuality "1"]

1. e4 e5 2. Nf3 Nc6 3. Bb5 a6 4. Ba4 Nf6 5. 0-0 Be7 6. Re1 b5 7. Bb3 d6 8. c3 0-0 9. h3 Nb8 10. d4 Nbd7 11. Nbd2 Bb7 12. Bc2 Re8 13. Nf1 Bf8 14. Ng3 g6 15. a4 c5 16. d5 c4 17. Bg5 Nc5 18. Qd2 Be7 19. Bh6 Nfd7 20. h4 Nb6 21. a5 Nbd7 22. h5 Bc8 23. hxg6 fxg6 24. Nh2 Nf6 25. f4 exf4 26. Qxf4 Bf8 27. Bg5 Be7 28. Bh6 Bf8 29. Rf1 Bxh6 30. Qxh6 Ra7 31. Rf4 Rf7 32. Raf1 Ref8 33. Qg5 Kh8 34. e5 dxe5 35. Qxe5 Kg8 36. d6 Nfd7 37. Qd5 Bb7 38. Qxf7+ Rxf7 39. Rxf7 Qg5 40. Be4 Bxe4 41. Rxd7 Bxg2 42. Kxg2 Nxd7 43. Rd1 h5 44. Nf3 Qf4 45. Rd4 Qc1 46. Re4 Qxb2+ 47. Re2 Qxc3 48. Re8+ Kf7 49. Re7+ Kf8 50. Rxd7 Qb2+ 51. Kh3 Qf6 52. Ra7 Qxd6 53. Ng5 b4 54. N3e4 Qd3+ 55. Kh4 Qf1 56. Ne6+ Kg8 57. Ra8+ Kf7 58. Rf8+ Kxe6 59. Rxf1 Kd5 60. Rc1 b3 61. Nd2 b2 62. Rc2 Kd4 63. Nb1 Kd5 1-0

[Event "NED-ch U16"]
[Site "Almelo"]
[Date "2021.08.07"]
[Round "7"]
[White "Franke, Daniel"]
[Black "Boeren, Jurriaan"]
[Result "0-1"]
[WhiteElo "1554"]
[BlackElo "1614"]
[PlyCount "64"]
[EventDate "2021.08.01"]
[EventType "swiss"]
[EventRounds "7"]
[EventCountry "NED"]
[SourceTitle "EXT 2022"]
[Source "ChessBase"]
[SourceDate "2021.10.06"]
[SourceVersion "1"]
[SourceVersionDate "2021.10.06"]
[SourceQuality "1"]

1. d4 d5 2. c4 e6 3. Nf3 c6 4. Nc3 dxc4 5. a4 Bb4 6. e3 b5 7. Bd2 a5 8. axb5 Bxc3 9. Bxc3 cxb5 10. b3 Bb7 11. bxc4 b4 12. Bb2 Nf6 13. Bd3 0-0 14. Qc2 Nbd7 15. e4 e5 16. 0-0 Qc7 17. Nxe5 Nxe5 18. dxe5 Ng4 19. h3 Nxe5 20. f4 Nxd3 21. Qxd3 Rfd8 22. Qg3 Qb6+ 23. Kh2 Qg6 24. Qxg6 hxg6 25. Rfe1 Rd2 26. Be5 f6 27. Bc7 a4 28. Rab1 b3 29. Bb6 f5 30. Be3 Rc2 31. Bc1 Bxe4 32. Rg1 Re2 0-1